The Google Story (Record no. 68472)

MARC details
000 -LEADER
fixed length control field 00782nam a22002297a 4500
005 - DATE AND TIME OF LATEST TRANSACTION
control field 20120719114547.0
008 - FIXED-LENGTH DATA ELEMENTS--GENERAL INFORMATION
fixed length control field 120719t xxu||||| |||| 00| 0 eng d
010 ## - LCCN (DPL NO)
LC control number G-002037
020 ## - INTERNATIONAL STANDARD BOOK NUMBER
International Standard Book Number 9781405053716
Terms of availability 595.00
035 ## - SYSTEM CONTROL NUMBER
System control number G-002037
037 ## - SOURCE OF ACQUISITION
Stock number dpl
Source of stock number/acquisition Gift
050 ## - LIBRARY OF CONGRESS CALL NUMBER
DPL Classification number 338.761
082 ## - DEWEY DECIMAL CLASSIFICATION NUMBER
Classification number 338.761
100 ## - MAIN ENTRY--PERSONAL NAME
Personal name Vise, David A.
9 (RLIN) 50275
245 ## - TITLE STATEMENT
Title The Google Story
Statement of responsibility, etc by David A. Vise
260 ## - PUBLICATION, DISTRIBUTION, ETC. (IMPRINT)
Place of publication, distribution, etc New York
Name of publisher, distributor, etc Pan Macmillan Ltd
Date of publication, distribution, etc 2005
270 ## - ADDRESS
Address 20,New Wharf Road
City London
300 ## - PHYSICAL DESCRIPTION
Extent 326p
Dimensions 22cm
942 ## - ADDED ENTRY ELEMENTS (KOHA)
Source of classification or shelving scheme Dewey Decimal Classification
Item type English Books
Call number suffix VIS
Classification part 338.761
Holdings
Withdrawn status Lost status Source of classification or shelving scheme Damaged status Not for loan Collection code Home library Current library Date acquired Source of acquisition Cost, normal purchase price Total Checkouts Total Renewals Full call number Barcode Date last seen Copy number Cost, replacement price Koha item type
    Dewey Decimal Classification     Non-fiction Vinoba Puri Vinoba Puri 19/07/2012 Gift 595.00 18 3 VIS G-002037 18/04/2022 1 595.00 English Books

© Delhi Public Library
Hit Counter
free hit counter